000 00459nam a2200145Ia 4500
008 090124s9999 xx 000 0 und d
082 _b300018
245 _a नामयांची अमृतवाणी
250 _a1
260 _bशेणोलीकर ह. श्री.
_c1966
300 _a267
630 _a नामयांची अमृतवाणी
730 _a नामयांची अमृतवाणी
942 _cBOOK
999 _c189574
_d189574